| 000 -LEADER |
| fixed length control field |
00307nam a2200121 4500 |
| 082 ## - DEWEY DECIMAL CLASSIFICATION NUMBER |
| Classification number |
TNC B142x54 M726 |
| 100 ## - MAIN ENTRY--PERSONAL NAME |
| Personal name |
Mohan, Kamlesh. |
| 9 (RLIN) |
22519 |
| 245 ## - TITLE STATEMENT |
| Title |
Towards gender history |
| 260 ## - PUBLICATION, DISTRIBUTION, ETC. (IMPRINT) |
| Place of publication, distribution, etc |
Delhi |
| Name of publisher, distributor, etc |
Aakar |
| Date of publication, distribution, etc |
2006 |
| 300 ## - PHYSICAL DESCRIPTION |
| Extent |
271p. |
| 650 ## - SUBJECT ADDED ENTRY--TOPICAL TERM |
| Topical term or geographic name as entry element |
Fermissior |
| 9 (RLIN) |
22520 |
| 650 ## - SUBJECT ADDED ENTRY--TOPICAL TERM |
| Topical term or geographic name as entry element |
Women India history |
| 9 (RLIN) |
22521 |